banner-ar

الحفاظ على التراث المعمارى الاسلامى اعمال وتوصيات وبحوث مؤتمر الحفاظ على التراث الحضارى المعمارى الاسلامى فى المدن 22 - 26 ابريل 1985م استنبول\ تركيا / (Record no. 37936)

MARC details
000 -الفاتح
حقل البيانات ثابتة الطول 00839nam a2200193Ia 4500
008 - عناصر البيانات ثابتة الطول - معلومات عامة
حقل البيانات ثابتة الطول 140319s9999 xx 000 0 ara d
040 ## - مصدر الفهرسة
وكالة الفهرسة الأصلية GCL /
وكالة النسخ GCL
082 04 - رقم تصنيف ديوى العشرى
رقم التصنيف 726.1
رقم المادة م ح
100 1# - المدخل الرئيسى - إسم شخصى
الإسم الشخصى المعهد العربى لانماء المدن
245 10 - بيان العنوان
العنوان الحفاظ على التراث المعمارى الاسلامى اعمال وتوصيات وبحوث مؤتمر الحفاظ على التراث الحضارى المعمارى الاسلامى فى المدن 22 - 26 ابريل 1985م استنبول\ تركيا /
بيان المسئوليه,etc المعهد العربى لانماء المدن
300 ## - الوصف المادى
التعداد 901 ص
490 ## - بيان السلسلة
عنوان السلسلة
650 04 - المدخل الاضافى بالموضوع-مصطلح موضوعى
مصطلح موضوعي العمارة الاسلامية
650 04 - المدخل الاضافى بالموضوع-مصطلح موضوعى
مصطلح موضوعي القدس
650 04 - المدخل الاضافى بالموضوع-مصطلح موضوعى
مصطلح موضوعي التراث الاسلامى
650 04 - المدخل الاضافى بالموضوع-مصطلح موضوعى
مصطلح موضوعي العمارة الاسلامية - السعودية
942 ## - عناصر المدخل الإضافي( كوها)
مصدر التصنيف او مخطط الترفيف Dewey Decimal Classification
Koha [default] item type كتاب
Holdings
حالة التراجع حالة الفقد حالة تلف ليس للاعارة المكان المؤقت الموقع الحالى تاريخ الاكتساب اجمالي اﻻعارات رقم الطلب الباركود تاريخ اخر مشاهدة تاريخ تفعيل السعر نوع وعاء كوها
        مكتبة القاهرة الكبرى مكتبة القاهرة الكبرى 03/26/2014   726.1\م ح 92701 03/26/2014 03/26/2014 كتاب
        مكتبة القاهرة الكبرى مكتبة القاهرة الكبرى 03/26/2014   726.1\م ح 92702 03/26/2014 03/26/2014 كتاب
        مكتبة القاهرة الكبرى مكتبة القاهرة الكبرى 03/26/2014   726.1\م ح 92703 03/26/2014 03/26/2014 كتاب

Powered By

EGPV